000 00599nam a2200145 a 4500
008 120416s1972 xx |||||||||||||| || u
050 _aNA 9031 Hab
100 _aHabraken, N. J
245 1 0 _aSupports
246 _aan alternative to mass housing
260 _c1972
350 _a0.00
995 _aMAIN LIBRARY OPEN ACCESS
_D0.00
_e716777
_FCBU-MAIN LIBRARY (Kitwe)
_H1
_I2.75
_jNA 9031 Hab
_UAVAILABLE
_y010628
_ZMain Library Open Access Collection
995 _aMAIN LIBRARY OPEN ACCESS
_D0.00
_e146755
_FCBU-MAIN LIBRARY (Kitwe)
_H2
_I2.75
_jNA 9031 Hab
_UAVAILABLE
_y010629
_ZMain Library Open Access Collection
999 _c80836
_d80836